00319nam a2200133Ia 4500008004100000041000800041082001600049100001700065245002600082260001800108300000800126650003200134999001900166230516s1988 xx 000 0 und d aeng a615.119/GUP aGupta S, R.  aHand Book of Medicin bS.CHANDc1988 a744 aPHARMACOLOGY AND TOXICOLOGY c385676d385676